00669nam a2200181 a 450000100100000000500170001000800410002704000250006808200150009311100940010824500130020226000480021530000210026350000640028404900090034895201130035799900170047000003454120200930073745.0111006s1940 cu 000 0 spa d aDO-SdBNPbspacBNPHU axxxxbR4442 aReunión Interamericana del Cariben(2da :d1940, mayo 31-jun 6cCiudad Trujillo)95997610aMemoria. aLa Habana :bSecretaría General,c[1940]. a204 p. ;c23 cm. aA la cabaza de título : Unión Interamericana del Caribe aBNPD 001050718MOaGRbGRcCTd2011-10-06iLF1l0oxxxx R444p34541-10r2020-06-25w2020-06-25y1ZNo se presta c34032d34032